| 000 | 00696cam a2200265 4500 | ||
|---|---|---|---|
| 008 | 090401t1997 xxu||||| |||| 00| 0 eng d | ||
| 020 | _a0860174859 | ||
| 035 | _a(Sirsi) u85200 | ||
| 041 | _aeng | ||
| 050 | _a628.164 | ||
| 100 | _aNuttall, P.M. | ||
| 245 | _aReview of the design and management of constructed wetlands. | ||
| 260 |
_aLondon _bCIRIA _c1997 |
||
| 300 | _a267p. : ill. ; 30cm. | ||
| 350 | _a68 | ||
| 650 | _aREED BEDS | ||
| 650 | _aWATER TREATMENT | ||
| 650 | _aWETLANDS | ||
| 690 | _aWATER | ||
| 700 | _aBoon, A.G. | ||
| 700 | _aRowell, M.R. | ||
| 710 |
_aConstruction Industry Research and Information Association _94810 |
||
| 942 | _n0 | ||
| 948 | _c26/03/1998 | ||
| 999 |
_c97016 _d97016 |
||